000 00232nam a2200097Ia 4500
001 736624
005 20250826163916.0
008 250824s9999 xx 000 0 und d
245 0 _aBİR DİLEK
_cM. O. YÜKSEL
260 _bBETA YAYINLARI
999 _c736624
_d736624